Biblioteca

Reto al cristianismo (Registro nro. 69975)

Detalles MARC
000 -LÍDER
Campo fijo de descripción fija 01197nab a2200229 i 4500
001 - NÚMERO DE CONTROL
Campo de control 768714001
003 - IDENTIFICADOR DEL NÚMERO DE CONTROL
Campo de control CO-MdFUSB
005 - FECHA Y HORA DE LA ULTIMA TRANSACCIÓN
control field 20240531062758.0
008 - ELEMENTOS DE LONGITUD FIJA -- INFORMACIÓN GENERAL
Campo fijo de descripción fija -- Información general 240529t1972 ag ||||| |||| 00| 0 spa d
040 ## - FUENTE DE CATALOGACIÓN
Idioma de catalogación spa
Agencia que realiza la transcripción CO-MdFUSB
Agencia que realiza la modificación CO-MdFUSB
041 ## - CÓDIGO DE IDIOMA
Código de idioma para texto/pista de sonido o título separado spa
100 ## - ASIENTO PRINCIPAL--NOMBRE PERSONAL
Nombre personal Escobar, Samuel,
Término relacionador autor
245 ## - TÍTULO
Título Reto al cristianismo
Mención de responsabilidad / Samuel Escobar
520 ## - NOTA DE RESUMEN, ETC.
Nota de sumario, etc. En América Latina está una tercera parte de todos los católicos bautizados del mundo. Aquí la Iglesia Romana posee grandes propiedades rurales y urbanas, innumerables instituciones de enseñanza y un consenso social que le da poder más que en muchas otras partes del mundo. Por otra parte, en América Latina están también las comunidades de origen protestante que han experimentado un crecimiento numérico que asombra a todos los entendidos en historia eclesiástica. <br/><br/><br/><br/><br/><br/><br/>
650 #7 - ASIENTO SECUNDARIO DE MATERIA - TERMINO TEMÁTICO
Término temático o nombre geográfico como elemento de entrada Cristianismo
9 (RLIN) 22
650 #0 - ASIENTO SECUNDARIO DE MATERIA - TERMINO TEMÁTICO
Término temático o nombre geográfico como elemento de entrada Protestantismo
9 (RLIN) 947
650 #0 - ASIENTO SECUNDARIO DE MATERIA - TERMINO TEMÁTICO
Término temático o nombre geográfico como elemento de entrada Evangelización
9 (RLIN) 362
653 ## - TÉRMINO DE INDIZACIÓN - NO CONTROLADO
Término no controlado Latino América
773 0# - ASIENTO DE ITEM FUENTE
Biblionumber 69974
Itemnumber 82716
Lugar, editorial y fecha de publicación Buenos Aires
Otro identificador del ítem R2608
Título Certeza
Número de control del registro (CO-MdFUSB)768714001
Parte(s) relacionada(s) / Volumen., número. (mes año), páginas Número 47, (1972) páginas: 197 - 199
Enumeración y primera página página: 197
942 ## - TIPO DE MATERIAL (KOHA)
Tipo de Item KOHA Artículos de Revista
945 ## - INFORMACIÓN LOCAL DEL REGISTRO
Catalogador Catherine Arias Álvarez - Practicante SENA

No hay ítems disponibles.

Biblioteca FUSBC | Teléfono: (57+4) 349 88 10 Ext. 141| WhatsApp (+57) 3005338115 
E-mail: biblioteca@unisbc.edu.co | Calle 76 87-14 Robledo Palenque, Medellín, Colombia

Con tecnología Koha